000 00658nam a2200205 a 4500
999 _c1495
_d1495
003 BD-JhCC
005 20171021084050.0
008 171021s1371 bg |||| ||a| 000 0 ben d
035 _a(BD-JhCC)
040 _aBD-JhCC
_dBD-JhCC
041 _aben
082 _a891.443
_bBHA 1371
100 _aভট্টাচার্য, মহাশ্বেতা
245 _aবায়স্কোপের বাক্স /
_cমহাশ্বেতা ভট্টাচার্য
260 _aকলকাতা :
_bমিত্র ও ঘোষ,
_c1371.
300 _a216 p. :
_c21 cm.
650 _aBengali Novel
942 _2ddc
_cBK